| 000 | 00717nac a22001931u 4500 | ||
|---|---|---|---|
| 999 |
_c3475 _d3475 |
||
| 008 | 190724b ||||| |||| 00| 0 eng d | ||
| 020 | _a0521317215 | ||
| 040 |
_aEG-ScBUE _cEG-ScBUE |
||
| 082 |
_a801.9509 _bB8121 |
||
| 100 | _a20080729 | ||
| 245 |
_aThe cambridge history of literary criticism : Romanticism ( Volume5 ) _cEdited by Marshall Brown _nVolume 5 _pRomanticism / |
||
| 260 |
_aCambridge: _bCambridge University Press ,2000 _cc 2000 |
||
| 300 |
_axii,493 p. ; _c20cm. |
||
| 504 | _aIncludes bibliography:p.387-447 and index | ||
| 650 |
_a Criticism _x History. _2BUEsh _931973 |
||
| 650 |
_aCriticism _xHistory _zEurope. _2BUEsh _931974 |
||
| 651 | _2BUEsh | ||
| 942 |
_cBB _k801.9509B8121 _2ddc |
||